000 00680cam a2200205 a 4500
001 612205
005 20240129063402.0
008 920207s1991 ii b 100 0 eng
020 _a8185425302
040 _aDLC
_cDLC
_dDLC
082 _222
_a305.8.
245 1 0 _aNationalism, ethnicity, and political development :
_bSouth Asian perspectives /
_ceditor, Deithelm Weidemann.
260 _aNew Delhi :
_bManohar Publications,
_c1991.
300 _aviii, 207 p. ;
500 _a"This volume is sponsored by the Italian National Research Council (CNR-Committee 9)"--T.p. verso.
650 0 _aNationalism
650 0 _aEthnicity
700 1 _aWeidemann, Diethelm.
_eedt
942 _cL
999 _c215
_d215